MARC details
| 000 -CABECERA |
| campo de control de longitud fija |
02168nam a2200301 a 4500 |
| 001 - NÚMERO DE CONTROL |
| campo de control |
000017144 |
| 003 - IDENTIFICADOR DEL NÚMERO DE CONTROL |
| campo de control |
DO-SdBNP |
| 005 - FECHA Y HORA DE LA ÚLTIMA TRANSACCIÓN |
| campo de control |
20240305103442.0 |
| 008 - DATOS DE LONGITUD FIJA--INFORMACIÓN GENERAL |
| campo de control de longitud fija |
091013s2007 dr 001 0 spa d |
| 020 ## - NÚMERO INTERNACIONAL ESTÁNDAR DEL LIBRO |
| Número Internacional Estándar del Libro |
9789945861327 |
| 040 ## - FUENTE DE LA CATALOGACIÓN |
| Centro catalogador/agencia de origen |
DO-SdBNP |
| Lengua de catalogación |
spa |
| Centro/agencia transcriptor |
BNPHU |
| 082 ## - NÚMERO DE LA CLASIFICACIÓN DECIMAL DEWEY |
| Número de clasificación |
RD860.409 |
| Número de documento/Ítem |
I37d, 2007 |
| 100 1# - ENTRADA PRINCIPAL--NOMBRE DE PERSONA |
| Nombre de persona |
Incháustegui Cabral, Héctor, |
| Fechas asociadas al nombre |
1912-1979 |
| 9 (RLIN) |
21024 |
| 245 10 - MENCIÓN DE TÍTULO |
| Título |
De literatura dominicana siglo veinte / |
| Mención de responsabilidad, etc. |
Héctor Incháustegui Cabral ; presentación Daniel Toribio. |
| 260 ## - PUBLICACIÓN, DISTRIBUCIÓN, ETC. |
| Lugar de publicación, distribución, etc. |
Santo Domingo : |
| Nombre del editor, distribuidor, etc. |
BanReservas: |
| -- |
Sociedad Dominicana de Bibliófilos, |
| Fecha de publicación, distribución, etc. |
2007. |
| 300 ## - DESCRIPCIÓN FÍSICA |
| Extensión |
434 p. ; |
| Dimensiones |
19 cm. |
| 490 1# - MENCIÓN DE SERIE |
| Mención de serie |
Bibliófilos-BanReservas |
| Designación de volumen o secuencia |
2 |
| 500 ## - NOTA GENERAL |
| Nota general |
Incluye índice de nombres. |
| 504 ## - NOTA DE BIBLIOGRAFÍA, ETC. |
| Nota de bibliografía, etc. |
Bibliografía: p. 374-401 |
| 505 0# - NOTA DE CONTENIDO CON FORMATO |
| Título |
Presentación / |
| Mención de responsabilidad |
Daniel Toribio -- |
| Título |
Exordio / |
| Mención de responsabilidad |
Mariano Mella -- |
| Título |
De literatura dominicana siglo veinte / |
| Mención de responsabilidad |
Andrés L. Mateo -- |
| Título |
Las ciegas esperanzas -- |
| -- |
El tiempo, la muerte y la poesía -- |
| -- |
La puerta abierta -- Los árboles y el bosque -- |
| -- |
La esfinge de sal - |
| -- |
El pez rojo -- |
| -- |
La mancha en el lavado -- |
| -- |
La araña sobre la tela rota -- |
| -- |
Cartas a Sergio -- |
| -- |
Ensayos sobre temas diversos -- |
| -- |
La angustia de la patria en Deligne -- |
| -- |
La ciudad como novela -- |
| -- |
Vida y novela -- |
| -- |
Poesía y poetas -- |
| -- |
Café derramado en la camisa -- |
| -- |
Una carta a Joaquín -- |
| -- |
La raya en el corazón -- |
| -- |
Los analfabetismos fundamentales -- |
| -- |
Rosa, Rosa, dame un gancho -- |
| -- |
El dominicano en peligro de asfixia moral -- |
| -- |
Los poetas más allá de las trincheras o la política y la poesía-- |
| -- |
Novela e indagación social -- |
| -- |
Los enemigos de la tierra, de Requena -- |
| -- |
La Mañosa, de Bosch -- |
| -- |
Over, de Marrero -- |
| Información miscelánea |
Epílogos -- |
| Título |
Con perdón, el sexo -- |
| -- |
Las ediciones -- |
| -- |
Crónica del Sur -- |
| -- |
Entre dos antes y un después -- |
| -- |
El otro lado del cañamazo -- |
| -- |
Guía de escritores dominicanos mencionados. |
| 590 ## - NOTA LOCAL (RLIN) |
| Nota local |
Inventariado, 2018 /LP |
| 650 #4 - PUNTO DE ACCESO ADICIONAL DE MATERIA--TÉRMINO DE MATERIA |
| Término de materia o nombre geográfico como elemento de entrada |
Literatura dominicana |
| Subdivisión general |
Historia y crítica |
| Subdivisión cronológica |
Siglo XX |
| 9 (RLIN) |
22986 |
| 650 #4 - PUNTO DE ACCESO ADICIONAL DE MATERIA--TÉRMINO DE MATERIA |
| Término de materia o nombre geográfico como elemento de entrada |
Autores dominicanos |
| Subdivisión general |
Historia y crítica |
| Subdivisión cronológica |
Siglo XX |
| 9 (RLIN) |
23591 |
| 700 1# - PUNTO DE ACCESO ADICIONAL--NOMBRE DE PERSONA |
| Nombre de persona |
Toribio, Daniel |
| 9 (RLIN) |
588 |
| 830 #0 - PUNTO DE ACCESO ADICIONAL DE SERIE-TÍTULO UNIFORME |
| Título uniforme |
Bibliófilos-BanReservas ; |
| Número de parte o sección de la obra |
2 |
| 9 (RLIN) |
37757 |
| 910 ## - DATOS DE OPCIÓN DEL USUARIO (OCLC) |
| Datos de opción del usuario |
Validado. Control de calidad BNPHU |
| 942 ## - ELEMENTOS DE PUNTO DE ACCESO ADICIONAL (KOHA) |
| Fuente del sistema de clasificación o colocación |
Dewey Decimal Classification |
| Tipo de ítem Koha |
Libro |